000 00667nam a2200217Ia 4500
005 20260429111936.0
008 260429s9999||||xx |||||||||||||| ||und||
020 _a9789360801069
041 _aEnglish
082 _a726.143
_bKAL
100 _aKaligotla, Subhashini
245 0 _aShiva's waterfront temples :
_barchitects and their audiences in medieval India /
_cSubhashini Kaligotla
250 _a1st ed.
260 _aNew Delhi :
_bManohar Publishers and Distributors,
_c2024.
300 _axi, 288 p.; hb
650 _a Medieval India
650 _a Religious architecture
650 _a Shiva temples
650 _aTemple architecture
942 _cTB
999 _c51537
_d51537